Ethics, justice, and governance in the age of AI and digital societies /

Bibliographic Details
Other Authors: Pucelj, Maja, 1982- (Editor)
Format: eBook
Language:English
Published: Hershey, Pennsylvania (701 E. Chocolate Avenue, Hershey, Pennsylvania, 17033, USA) : IGI Global Scientific Publishing, 2026.
Series:e-Book Collection.
Subjects:

MARC

Tag First Indicator Second Indicator Subfields
LEADER 00000nam a2200000 i 4500
001 in00005777657
005 20260406152303.9
006 m eo u
007 cr bn||||m|||a
008 251219s2026 pau fob 001 0 eng d
040 |a IGIGL  |b eng  |e rda  |c IGIGL  |d OCLCO  |d OCLCQ  |d YDX 
020 |a 9798337385129 (electronic bk.) 
020 |z 9798337385105  |q print 
024 7 |a 10.4018/979-8-3373-8510-5  |2 doi 
035 |a (OCoLC)1564533992 
050 4 |a HM851  |b .E84 2026e 
082 0 4 |a 174/.9004  |2 23 
245 0 0 |a Ethics, justice, and governance in the age of AI and digital societies /  |c Maja Pucelj, editor. 
246 3 |a Ethics, justice, and governance in the age of artificial intelligence and digital societies 
264 1 |a Hershey, Pennsylvania (701 E. Chocolate Avenue, Hershey, Pennsylvania, 17033, USA) :  |b IGI Global Scientific Publishing,  |c 2026. 
300 |a 1 online resource (18 PDFs (454 pages)). 
336 |a text  |2 rdacontent  |b txt 
337 |a electronic  |2 isbdmedia  |b c 
338 |a online resource  |2 rdacarrier  |b cr 
353 |a bibliography  |b bibl  |0 http://id.loc.gov/vocabulary/msupplcont/bibliography  |2 msupplcont 
353 |a index  |b ind  |0 http://id.loc.gov/vocabulary/msupplcont/index  |2 msupplcont 
490 1 |a e-Book Collection 
504 |a Includes bibliographic references and index. 
505 0 |a Preface -- Chapter 1. Navigating Ethics, Society, and Governance in the Digital Age: Human Rights and Digital Futures -- Chapter 2. Safeguarding Human Rights in the Digital Era: Legal and Ethical Perspectives on Data Protection and User Rights -- Chapter 3. Digital Ethics, Morality, and Law in the Age of Emerging Technologies -- Chapter 4. Legal and Regulatory Framework for Digital Technologies and Risk Management in the Digital Age -- Chapter 5. Social Responsibility and Intellectual Property in the Era of Digital Technology: Who Should Own AI-Generated Inventions? -- Chapter 6. Critical Digital Competencies and Pedagogical Frameworks Within Human Rights Jurisprudence: Democratic Accountability and Policy Implications -- Chapter 7. A Victimological and Legal Analysis of Gendered Cybervictimization and Protection of Women's Rights in Digital Space -- Chapter 8. Global Governance, Digital Politics, and Human Rights Protection -- Chapter 9. Data Science in Service of Community Anomaly Detection: Shaping Strategy Based on Discovered Patterns of Deviant Phenomena -- Chapter 10. Convergence of Indigenous Knowledge Systems and Artificial Intelligence: Forging Pathways Between Indigenous Wisdom and Technological Innovation -- Chapter 11. Child Mortality Prediction Using Machine Learning Techniques -- Chapter 12. What to Wear From Here: Analyzing the Enforceability of Dress Codes in Work From Home Jobs -- Compilation of References -- About the Contributors -- Index. 
520 3 |a Ethics, justice, and governance in the age of AI and digital societies explores how AI and digital technologies shape ethical norms, social justice, and power structures in modern societies. It examines the governance frameworks needed to ensure fairness, accountability, and responsible use of these evolving systems. This book covers topics such as electronic government, digital technology, and data science, and is a useful resource for engineers, sociologists, policymakers, academicians, researchers, and scientists. 
588 |a Description based on title screen (IGI Global, viewed 12/19/2025). 
650 0 |a Technological innovations  |x Social aspects. 
650 0 |a Internet  |x Social aspects. 
650 0 |a Internet  |x Moral and ethical aspects. 
650 6 |a Innovations  |x Aspect social. 
650 6 |a Internet  |x Aspect social. 
650 6 |a Internet  |x Aspect moral. 
653 |a Algorithms. 
653 |a Artificial Intelligence (AI) 
653 |a Civic Engagement and Social Justice. 
653 |a Data Science. 
653 |a Digital Societies. 
653 |a Digital Technology. 
653 |a Electronic Government. 
653 |a Ethics and Law. 
653 |a Policymaking. 
653 |a Public Policy. 
653 |a Sociology. 
655 4 |a Electronic books. 
700 1 |a Pucelj, Maja,  |d 1982-  |e editor. 
710 2 |a IGI Global Scientific Publishing,  |e publisher. 
776 0 8 |i Print version:  |z 9798337385105 
830 0 |a e-Book Collection. 
852 8 |b POD  |z This title is available for the library to purchase for your use. Click the "Purchase It For Me" button to place a request. This item will take 5-10 business days to arrive. 
955 |a Ebook POD title 
961 |m 565731 
999 f f |i cdfbd163-6131-425e-a8eb-a4480ceba70b  |s a68fa636-90bc-4526-8b1b-9b0dc6647940  |t 0 
952 f f |a Texas A&M University  |b College Station  |c Sterling C. Evans Library  |s Evans POD  |d Purchase on Demand  |t 0  |e HM851 .E84 2026e  |h Library of Congress classification 
998 f f |a HM851 .E84 2026e  |t 0  |l Purchase on Demand